000
00224 a2200085 4500
020
_a
9789881470386
100
_a
Sendpoints Publishing
245
_a
Handmaking In Design
260
_b
Sendpoints Publishing Co. Ltd. (Editor)
_c
2016
999
_c
13541
_d
13541